[Event "SVK-ch Amateurs"]
[Site "Topolcany"]
[Date "2021.08.08"]
[Round "4"]
[White "Bella, Julius"]
[Black "Lang, Gusztav Jr"]
[Result "1-0"]
[WhiteElo "1949"]
[BlackElo "1661"]
[PlyCount "109"]
[EventDate "2021.08.06"]
[EventType "swiss"]
[EventRounds "7"]
[EventCountry "SVK"]
[SourceTitle "EXT 2022"]
[Source "ChessBase"]
[SourceDate "2021.10.06"]
[SourceVersion "1"]
[SourceVersionDate "2021.10.06"]
[SourceQuality "1"]

1. e4 c5 2. Nf3 Nc6 3. d4 cxd4 4. Nxd4 Nf6 5. Nc3 e5 6. Ndb5 d6 7. Bg5 a6 8. Na3 b5 9. Nd5 Be7 10. Bxf6 Bxf6 11. c3 0-0 12. Nc2 Bg5 13. Nce3 Bxe3 14. Nxe3 Be6 15. Qd2 Ne7 16. g3 d5 17. exd5 Nxd5 18. Bg2 Nxe3 19. Qxe3 Rb8 20. 0-0 Qc7 21. Rfe1 Rfd8 22. Qxe5 Qxe5 23. Rxe5 Rd2 24. b3 Rbd8 25. Bf3 g6 26. Bb7 Bh3 27. Bxa6 Rxa2 28. Ree1 Rb2 29. Rab1 Rc2 30. Rbc1 Rb2 31. Rb1 Rc2 32. Rec1 Rdd2 33. Rxc2 Rxc2 34. c4 bxc4 35. Bxc4 Kg7 36. Bf1 Bf5 37. Re1 Rb2 38. Bc4 Bh3 39. f4 Kf6 40. Re2 Rb1+ 41. Kf2 Be6 42. Rc2 h5 43. Ke3 Bf5 44. Rd2 Be6 45. Kd4 Ra1 46. Bxe6 fxe6 47. Rb2 Rd1+ 48. Kc3 h4 49. b4 hxg3 50. hxg3 Rg1 51. b5 Ke7 52. b6 Rc1+ 53. Kd4 Rc8 54. b7 Rb8 55. Kc5 1-0

[Event "Fagernes TV2 Elo op"]
[Site "Fagernes"]
[Date "2017.04.10"]
[Round "2"]
[White "Lang, Gusztav Jr"]
[Black "Nesheim, Mathias"]
[Result "0-1"]
[WhiteElo "1753"]
[BlackElo "1996"]
[PlyCount "116"]
[EventDate "2017.04.09"]
[EventType "swiss"]
[EventRounds "9"]
[EventCountry "NOR"]
[SourceTitle "CBM 177 Extra"]
[Source "ChessBase"]
[SourceDate "2017.04.27"]
[SourceVersion "1"]
[SourceVersionDate "2017.04.27"]
[SourceQuality "1"]

1. e4 e6 2. d4 d5 3. e5 c5 4. Qg4 cxd4 5. Nf3 Nc6 6. a3 g6 7. Bd3 Bg7 8. Bf4 h5 9. Qg3 h4 10. Qg4 Qc7 11. Nxh4 Nxe5 12. Bxe5 Qxe5+ 13. Kf1 Nf6 14. Bb5+ Bd7 15. Bxd7+ Kxd7 16. Qg3 Qe4 17. Qb3 Rac8 18. Qxb7+ Rc7 19. Qb5+ Kc8 20. Nf3 d3 21. Qa6+ Kd8 22. Nc3 Rxc3 23. bxc3 Qe2+ 24. Kg1 Ne4 25. Rf1 Qxc2 26. Ne1 Qxc3 27. Nxd3 Bd4 28. g3 Rh5 29. Nb4 Bb6 30. Qb7 Qc7 31. Nc6+ Kd7 32. Qxc7+ Kxc7 33. Nb4 Rf5 34. Nd3 Rf3 35. Rc1+ Kd6 36. Rd1 Nxf2 37. Nxf2 Rxf2 38. Re1 Rf5+ 39. Kg2 Rf2+ 40. Kh3 Ra2 41. Ref1 Rxa3 42. Rxf7 Be3 43. Rf3 d4 44. Kg4 a5 45. h4 Rc3 46. Rf6 d3 47. Rxg6 d2 48. Rg8 Rc1 49. Rd8+ Ke7 50. Rxd2 Bxd2 51. Rh2 Bc3 52. h5 a4 53. Ra2 Ra1 54. Rc2 Be5 55. h6 a3 56. Kg5 Bxg3 57. h7 Rh1 58. Kg6 Be5 0-1